Prisonniers du Tartare dans la mythologie grecque - Statistiques

Statistiques générales
  • Ce quiz a été pris 72 fois
  • Le résultat moyen est 6 sur 19
Statistiques - réponses
Appartenance
et crime
Prisonnier % Correct
TitanEnnemi de Zeus Cronos
75%
Roi, père de PélopsA fait manger son fils aux dieux Tantale
68%
Roi de CorintheS'est joué de la mort Sisyphe
64%
Filles de DanausOnt tué leurs maris Danaides
63%
Roi des LapithesA tenté de séduire Héra Ixion
46%
HécatonchireSa puissance Briarée
42%
TitanEnnemi de Zeus Hyperion
36%
TitanEnnemi de Zeus Japet
36%
CyclopeSa puissance Argès
31%
CyclopeSa puissance Brontès
31%
HécatonchireSa puissance Cottos
31%
TitanEnnemi de Zeus Crios
31%
CyclopeSa puissance Stéropès
27%
TitanEnnemi de Zeus Coeos
25%
HécatonchireSa puissance Gyes
24%
GéantEnnemi de Zeus Ephialtès
7%
GéantEnnemi de Zeus Otos
7%
Fils de ZeusA tenté de violer Léto Tityos
2%
Roi d'ElisVoulait être un dieu Salmoneus
0%
Aucun quiz correspondant
Distribution des résultats
% des personnes avec chaque résultat
Percentile par nombre de réponses
Votre historique - résultats
Vous n’avez pas pris ce quiz